000 nam a22 7a 4500
999 _c28430
_d28429
003 OSt
005 20170522123353.0
008 170425b xxu||||| |||| 00| 0 eng d
020 _a1618528148
040 _aMMU
_beng
_cMMU
_dMMU
050 _aHA29.H448 2006
245 _aBasic statistics for the behavioral sciences:
_bstudents workbook and study guide/
250 _a5th ed.
260 _aNew York :
_bHoughton Mifflin Company ,
_c2006.
300 _avii,211p.;
650 _aBasic statistics
942 _2lcc
_cLOAN LOAN